[Event "GER-chT U20 Girls"]
[Site "Magdeburg"]
[Date "2023.12.27"]
[Round "2.3"]
[White "Mazurtsova, Margarita"]
[Black "Kasten, Luna Seraphine"]
[Result "1-0"]
[WhiteElo "1682"]
[BlackElo "754"]
[PlyCount "75"]
[EventDate "2023.12.26"]
[EventType "team-swiss"]
[EventRounds "7"]
[EventCountry "GER"]
[SourceTitle "CB03_2024"]
[SourceDate "2024.01.17"]
[SourceVersion "1"]
[SourceVersionDate "2024.01.17"]
[SourceQuality "1"]
[WhiteTeam "Kreuzberg"]
[BlackTeam "Eintracht Tangerhuette"]
[WhiteTeamCountry "GER"]
[BlackTeamCountry "GER"]

1. c4 Nc6 2. Nc3 e6 3. g3 Bc5 4. Nf3 Nf6 5. Bg2 d5 6. cxd5 exd5 7. d4 Bg4 8. dxc5 0-0 9. 0-0 Qe7 10. Bg5 h6 11. Bxf6 Qxf6 12. h3 Bh5 13. Qxd5 Bg6 14. Qb3 Qe7 15. Qxb7 Qd7 16. Rfd1 Na5 17. Qa6 Qc8 18. Qxa5 Bc2 19. Rd2 Bf5 20. g4 Bd7 21. Ne5 Be8 22. Bxa8 Qxa8 23. Nd7 Bxd7 24. Rxd7 c6 25. Qxa7 Qe8 26. Re7 Qd8 27. Rd1 Qc8 28. Rdd7 Kh7 29. Rxf7 Kg6 30. Rxg7+ Kf6 31. Rdf7+ Rxf7 32. Qxf7+ Ke5 33. Rg6 Kd4 34. Qf4+ Kxc5 35. Qd6+ Kb6 36. Nd5+ Kb7 37. Rg7+ Ka8 38. Nb6# 1-0